00477nam a2200193 a 4500001001300000003000900013005001700022008004100039020001000080082001500090100001800105245003400123260004500157300000800202500003500210505001000245650001600255650001200271nice12345678IN_TiNIC20260116011831.0050524s1945 chia grp 000 0 eng  ac10000a231.3bPAT aPathrus, Lewi aWind Bloweth Where It Listeth aChicagobPhiladelphia Book Concernc1945 a93p aincludes index and biblioraphy2 aIndex aHoly Spirit aBaptism